[Event "4NCL Online Division 6"]
[Site "online"]
[Date "2020.08.25"]
[Round "1.171"]
[White "McBeath, Joel"]
[Black "Willis, Toby W"]
[Result "1-0"]
[WhiteElo "1600"]
[BlackElo "1930"]
[PlyCount "23"]
[EventDate "2020.08.25"]
[WhiteTeam "Ashton 1"]
[BlackTeam "Cornish Pirates"]

1. e4 c5 2. d4 cxd4 3. c3 dxc3 4. Nxc3 Nc6 5. Nf3 e6 6. Bc4 a6 7. O-O Nge7 8.
Bg5 f6 9. Be3 Ng6 10. Bb3 b5 11. Nd5 Na5 12. Bb6 1-0

[Event "4NCL Online Division 6"]
[Site "online"]
[Date "2020.08.25"]
[Round "1.172"]
[White "Clark, Richard"]
[Black "Supatan, Denzel"]
[Result "1-0"]
[WhiteElo "1900"]
[BlackElo "1675"]
[PlyCount "63"]
[EventDate "2020.08.25"]
[WhiteTeam "Cornish Pirates"]
[BlackTeam "Ashton 1"]

1. b4 e6 2. Bb2 d5 3. Nf3 Nf6 4. a3 c5 5. bxc5 Bxc5 6. e3 Nc6 7. Bd3 O-O 8. O-O
Bd7 9. Ne5 Qc7 10. Nxd7 Nxd7 11. Bxg7 Nce5 12. Bxf8 Nxd3 13. Bh6 N3e5 14. f4
Ng6 15. Nc3 Bf8 16. Bxf8 Rxf8 17. Nb5 Qb6 18. Nd4 Nf6 19. c3 Ne4 20. Rb1 Qc7
21. f5 exf5 22. Rxf5 Ne7 23. Rf4 Kh8 24. Ne6 fxe6 25. Rxf8+ Ng8 26. Qg4 Nef6
27. Qxe6 Qg7 28. Rf7 Qg6 29. Rbxb7 h5 30. Rb8 h4 31. Rxf6 Qg7 32. Rh6+ 1-0

[Event "4NCL Online Division 6"]
[Site "online"]
[Date "2020.08.25"]
[Round "1.173"]
[White "Fedotov, Peter"]
[Black "Kostadinov, Boris K"]
[Result "1/2-1/2"]
[WhiteElo "1577"]
[BlackElo "1660"]
[PlyCount "38"]
[EventDate "2020.08.25"]
[WhiteTeam "Ashton 1"]
[BlackTeam "Cornish Pirates"]

1. e4 c5 2. Nf3 d6 3. d4 cxd4 4. Nxd4 Nf6 5. Nc3 g5 6. Bxg5 Bg7 7. Bd3 Nc6 8.
Nf3 Bg4 9. Be3 a6 10. a3 Ne5 11. Be2 Bxf3 12. Bxf3 O-O 13. Qd2 Nc4 14. Qc1 Nxe3
15. Qxe3 Rc8 16. O-O Qa5 17. Rac1 Rc4 18. Rfd1 Rfc8 19. Be2 R4c7 1/2-1/2

[Event "4NCL Online Division 6"]
[Site "online"]
[Date "2020.08.25"]
[Round "1.174"]
[White "Jones, Bryan"]
[Black "Custy, Steve"]
[Result "1-0"]
[WhiteElo "1607"]
[BlackElo "1285"]
[PlyCount "79"]
[EventDate "2020.08.25"]
[WhiteTeam "Cornish Pirates"]
[BlackTeam "Ashton 1"]

1. d4 e6 2. c4 d5 3. Nc3 Nf6 4. Bg5 Be7 5. e3 c5 6. cxd5 exd5 7. Nf3 Nbd7 8.
dxc5 Bxc5 9. g3 h6 10. Bf4 a6 11. Bg2 Nb6 12. O-O Bf5 13. Nd4 Bg4 14. Qd2 Nc4
15. Qc1 Nh5 16. Nxd5 b5 17. Nc7+ Kf8 18. Nxa8 Nxf4 19. gxf4 Bxd4 20. exd4 Qxd4
21. Qc3 Qxc3 22. bxc3 g5 23. fxg5 hxg5 24. a4 Kg7 25. axb5 a5 26. b6 f5 27.
Rfe1 f4 28. Bd5 f3 29. Re4 Bf5 30. Rxc4 g4 31. Rc7+ Kf6 32. Rxa5 Re8 33. Ra1 g3
34. Rf7+ Ke5 35. Re1+ Kxd5 36. Rxe8 Kc4 37. Rc7+ Kd3 38. Rd8+ Ke2 39. Re7+ Be4
40. Rxe4# 1-0

[Event "4NCL Online Division 6"]
[Site "online"]
[Date "2020.08.25"]
[Round "1.181"]
[White "Harrison, Peter K"]
[Black "Michalek, Lukasz"]
[Result "0-1"]
[WhiteElo "1750"]
[BlackElo "1562"]
[PlyCount "46"]
[EventDate "2020.08.25"]
[WhiteTeam "Oadby & Blaby"]
[BlackTeam "Crewe BOL"]

1. d4 f5 2. c4 Nf6 3. Nc3 e6 4. Nf3 b6 5. Bg5 Bb7 6. e3 Nc6 7. a3 Bd6 8. d5 Ne5
9. dxe6 Nxf3+ 10. gxf3 dxe6 11. e4 O-O 12. Qb3 Qe8 13. Bg2 Qg6 14. c5 Qxg5 15.
Qxe6+ Kh8 16. cxd6 Qxg2 17. O-O-O Qxf3 18. d7 Rad8 19. Rhg1 Bxe4 20. Qe7 g6 21.
Qe5 Qxf2 22. Nxe4 fxe4 23. Rgf1 Qc5+ 0-1

[Event "4NCL Online Division 6"]
[Site "online"]
[Date "2020.08.25"]
[Round "1.182"]
[White "Fields, Adam"]
[Black "Wylie, Steve"]
[Result "1/2-1/2"]
[WhiteElo "1450"]
[BlackElo "1727"]
[PlyCount "58"]
[EventDate "2020.08.25"]
[WhiteTeam "Crewe BOL"]
[BlackTeam "Oadby & Blaby"]

1. d4 Nf6 2. Bf4 d5 3. e3 e6 4. Nf3 c5 5. c3 Qb6 6. Qc2 Nc6 7. Nbd2 Bd7 8. Be2
Rc8 9. O-O cxd4 10. exd4 Be7 11. Rac1 O-O 12. Nb3 a6 13. Bd3 Nb4 14. Qb1 Nxd3
15. Qxd3 Bb5 16. Qd1 Bxf1 17. Qxf1 a5 18. Qe2 a4 19. Nbd2 Qxb2 20. Rb1 Qxa2 21.
Rxb7 Rxc3 22. Rxe7 Rc1+ 23. Ne1 Ne4 24. Kf1 g5 25. Be3 Rb8 26. Qh5 Nxd2+ 27.
Bxd2 Qc4+ 28. Kg1 Rxe1+ 29. Bxe1 Rf8 1/2-1/2

[Event "4NCL Online Division 6"]
[Site "online"]
[Date "2020.08.25"]
[Round "1.183"]
[White "Manger, John D"]
[Black "Tilton, Lee"]
[Result "1-0"]
[WhiteElo "1705"]
[BlackElo "1442"]
[PlyCount "67"]
[EventDate "2020.08.25"]
[WhiteTeam "Oadby & Blaby"]
[BlackTeam "Crewe BOL"]

1. e4 d6 2. d4 Nf6 3. Nc3 Nbd7 4. Bd3 e5 5. Nf3 Be7 6. O-O c6 7. Re1 h6 8. Bd2
Qc7 9. Ne2 Nf8 10. c3 Bg4 11. Nc1 Ne6 12. Be3 O-O-O 13. Nb3 d5 14. exd5 Rxd5
15. dxe5 Rxe5 16. h3 Bxf3 17. Qxf3 Kb8 18. Nd4 Nc5 19. Be2 g5 20. Nf5 Nce4 21.
Nxe7 Qxe7 22. Bd4 Re6 23. Bc4 c5 24. Bxe6 cxd4 25. Bf5 Re8 26. Bxe4 Nxe4 27.
cxd4 Qe6 28. Rad1 f5 29. Qa3 Qg6 30. f3 Ng3 31. Rxe8+ Qxe8 32. Qd6+ Ka8 33.
Qxg3 Qe2 34. Re1 1-0

[Event "4NCL Online Division 6"]
[Site "online"]
[Date "2020.08.25"]
[Round "1.184"]
[White "Nienaber, Kobus"]
[Black "Pettitt, David"]
[Result "1-0"]
[WhiteElo "1435"]
[BlackElo "1690"]
[PlyCount "61"]
[EventDate "2020.08.25"]
[WhiteTeam "Crewe BOL"]
[BlackTeam "Oadby & Blaby"]

1. d4 d5 2. Bf4 Nf6 3. Nc3 Bf5 4. Nf3 e6 5. Nb5 Bb4+ 6. c3 Ba5 7. Qa4 c6 8.
Nd6+ Ke7 9. Nxb7 Qb6 10. Qa3+ Ke8 11. Nxa5 Nbd7 12. Ne5 Rc8 13. Nxd7 Nxd7 14.
e3 f6 15. Be2 Kf7 16. O-O Rhe8 17. Rfd1 e5 18. dxe5 fxe5 19. Bg3 g6 20. Nc4
dxc4 21. Bxc4+ Kg7 22. e4 Bg4 23. Rd6 Nf6 24. Rxf6 Kxf6 25. Qd6+ Kg5 26. Bxe5
Rf8 27. Qe7+ Kh5 28. Qxh7+ Kg5 29. Qe7+ Kh5 30. Qh7+ Kg5 31. h4# 1-0

[Event "4NCL Online Division 6"]
[Site "online"]
[Date "2020.08.25"]
[Round "1.191"]
[White "Brady, Fearghal"]
[Black "Kesterson, Kennan"]
[Result "1-0"]
[WhiteElo "1463"]
[BlackElo "1982"]
[PlyCount "135"]
[EventDate "2020.08.25"]
[WhiteTeam "St Benildus D"]
[BlackTeam "Barnet Knights B"]

1. Nf3 Nf6 2. g3 g6 3. Bg2 Bg7 4. O-O O-O 5. d3 d6 6. e4 c5 7. Nbd2 Nc6 8. c3
Bd7 9. Re1 Rc8 10. Nf1 b5 11. Bd2 a5 12. h3 b4 13. Rc1 Be6 14. cxb4 axb4 15. a3
Nd7 16. axb4 cxb4 17. b3 Nc5 18. d4 Nd3 19. d5 Nxc1 20. Bxc1 Ne5 21. Nxe5 Bxe5
22. dxe6 fxe6 23. Bh6 Re8 24. Qg4 Qd7 25. Ne3 Rc3 26. Nd5 Rxb3 27. Nb6 Qa7 28.
Qxe6+ Kh8 29. Qxb3 Qxb6 30. Be3 Qb7 31. Bd2 Rb8 32. Rb1 Qa7 33. Be3 Qc7 34. Qd3
Qc3 35. Qxc3 Bxc3 36. Rb3 Kg7 37. Kf1 Ra8 38. Ke2 Ra2+ 39. Kd3 e5 40. h4 Ra1
41. Bh3 Kf7 42. Bd7 Ke7 43. Bc6 Ke6 44. Bd5+ Ke7 45. Bg8 h5 46. Bg5+ Kf8 47.
Be6 Kg7 48. Bh3 Kf7 49. Bg2 Ra2 50. Be3 Ke7 51. Rb1 Kd7 52. Bf3 Kc6 53. Bd1 Ra8
54. Bd2 Bxd2 55. Kxd2 Ra2+ 56. Ke3 Ra3+ 57. Rb3 Ra1 58. Be2 Kc5 59. f4 Rg1 60.
Kf2 Rc1 61. f5 gxf5 62. exf5 Ra1 63. Bxh5 Kc4 64. Bf7+ Kc5 65. Rd3 Ra7 66. Bd5
Ra3 67. Rxa3 bxa3 68. Ba2 1-0

[Event "4NCL Online Division 6"]
[Site "online"]
[Date "2020.08.25"]
[Round "1.192"]
[White "Eedle, Eric F"]
[Black "Kashanin, Daniil"]
[Result "1/2-1/2"]
[WhiteElo "1787"]
[BlackElo "1359"]
[PlyCount "59"]
[EventDate "2020.08.25"]
[WhiteTeam "Barnet Knights B"]
[BlackTeam "St Benildus D"]

1. d4 Nf6 2. c4 g6 3. f3 Bg7 4. e4 d6 5. Nc3 O-O 6. Nge2 e5 7. Be3 exd4 8. Nxd4
Bd7 9. Qd2 Nc6 10. Be2 a5 11. O-O Re8 12. Nd5 Nxd5 13. cxd5 Nxd4 14. Bxd4 f5
15. Bxg7 Kxg7 16. Qc3+ Kg8 17. Bd3 fxe4 18. fxe4 Qg5 19. Bc2 c6 20. dxc6 Bxc6
21. Bb3+ d5 22. h4 Qh5 23. Rae1 a4 24. Bxd5+ Bxd5 25. exd5 Qxd5 26. Qb4 Rxe1
27. Rxe1 Rf8 28. Qe7 Qd4+ 29. Kh2 Qf4+ 30. Kh1 1/2-1/2

[Event "4NCL Online Division 6"]
[Site "online"]
[Date "2020.08.25"]
[Round "1.193"]
[White "Cooney, Thomas"]
[Black "Vaidya, Raghav"]
[Result "0-1"]
[WhiteElo "1207"]
[BlackElo "1765"]
[PlyCount "86"]
[EventDate "2020.08.25"]
[WhiteTeam "St Benildus D"]
[BlackTeam "Barnet Knights B"]

1. e4 c5 2. Nc3 Nc6 3. f4 g6 4. Nf3 Bg7 5. Bc4 e6 6. O-O Nge7 7. Qe1 O-O 8. d3
d5 9. exd5 exd5 10. Bb5 a6 11. Bxc6 Nxc6 12. Bd2 Re8 13. Qg3 Nd4 14. Rac1 Nf5
15. Qf2 b6 16. Rfe1 Bb7 17. Rxe8+ Qxe8 18. Re1 Qd7 19. b3 Nd4 20. Nxd4 Bxd4 21.
Be3 Bxc3 22. Re2 d4 23. Bc1 Re8 24. Rxe8+ Qxe8 25. Kf1 Qe6 26. h3 b5 27. g4 Qd5
28. Ke2 Qg2 29. Qxg2 Bxg2 30. h4 f5 31. gxf5 gxf5 32. Kf2 Bh3 33. Ke2 Bg4+ 34.
Kf2 Kg7 35. a4 b4 36. Kf1 Kg6 37. Kf2 Kh5 38. Kf1 Kxh4 39. Kg2 h5 40. Kh2 Bh3
41. Kg1 Kg3 42. Kh1 Bg2+ 43. Kg1 Be1 0-1

[Event "4NCL Online Division 6"]
[Site "online"]
[Date "2020.08.25"]
[Round "1.194"]
[White "Sanfey, Gregor"]
[Black "Kashanin, Dimitry"]
[Result "1-0"]
[WhiteElo "1690"]
[BlackElo "948"]
[PlyCount "91"]
[EventDate "2020.08.25"]
[WhiteTeam "Barnet Knights B"]
[BlackTeam "St Benildus D"]

1. d4 d6 2. c4 Nf6 3. Nc3 h6 4. e4 e5 5. f4 exd4 6. Qxd4 Nc6 7. Qd1 Bg4 8. Be2
Bxe2 9. Ngxe2 Qe7 10. Ng3 Nxe4 11. Ncxe4 f5 12. Qe2 fxe4 13. Qxe4 Qxe4+ 14.
Nxe4 Nd4 15. Kd2 O-O-O 16. Kd3 Nc6 17. Be3 Be7 18. a3 Rhf8 19. b4 Bf6 20. Rab1
Ne7 21. Bd4 Bxd4 22. Kxd4 Nf5+ 23. Kd3 Kb8 24. g3 d5 25. Nc5 dxc4+ 26. Kxc4
Ne3+ 27. Kb3 b6 28. Ne6 Rd3+ 29. Ka2 Re8 30. Nxg7 Re7 31. Nh5 Nc4 32. Rbe1 Rd2+
33. Kb3 Ne3 34. Kc3 Ra2 35. Kb3 Rd2 36. f5 Rd3+ 37. Ka2 Red7 38. Re2 Rd2+ 39.
Rxd2 Rxd2+ 40. Kb3 Rf2 41. Ng7 Nxf5 42. Nxf5 Rxf5 43. Re1 Kb7 44. Re6 Ka6 45.
Rxh6 c5 46. b5+ 1-0

[Event "4NCL Online Division 6"]
[Site "online"]
[Date "2020.08.25"]
[Round "1.201"]
[White "Robins, Andrew"]
[Black "Wright, Andrew D"]
[Result "1-0"]
[WhiteElo "1750"]
[BlackElo "1517"]
[PlyCount "83"]
[EventDate "2020.08.25"]
[WhiteTeam "Ashfield Anonymous D"]
[BlackTeam "Plymouth 2"]

1. e4 d6 2. d4 Nf6 3. Nc3 g6 4. Be3 Bg7 5. Qd2 c5 6. dxc5 Ng4 7. O-O-O Nxe3 8.
Qxe3 Qa5 9. Kb1 Bxc3 10. Qxc3 Qxc3 11. bxc3 dxc5 12. Bc4 O-O 13. Ne2 Nc6 14.
Rd5 Be6 15. Rxc5 Bxc4 16. Rxc4 Rad8 17. Nd4 Rd6 18. Nxc6 bxc6 19. Rd4 Rfd8 20.
Rhd1 Kg7 21. Rxd6 Rxd6 22. Rxd6 exd6 23. Kb2 Kf6 24. f4 h6 25. Kb3 g5 26. g3
gxf4 27. gxf4 d5 28. exd5 cxd5 29. c4 d4 30. c5 Ke6 31. Kc4 Kd7 32. Kxd4 Kc6
33. Ke5 Kxc5 34. Kf6 Kb4 35. Kxf7 Ka3 36. Ke6 Kxa2 37. f5 Kb2 38. f6 a5 39. f7
a4 40. f8=Q a3 41. Qb4+ Ka2 42. Qb3+ 1-0

[Event "4NCL Online Division 6"]
[Site "online"]
[Date "2020.08.25"]
[Round "1.202"]
[White "Peach, Clifford B"]
[Black "Shaw, John S"]
[Result "0-1"]
[WhiteElo "1525"]
[BlackElo "1735"]
[PlyCount "100"]
[EventDate "2020.08.25"]
[WhiteTeam "Plymouth 2"]
[BlackTeam "Ashfield Anonymous D"]

1. Nf3 d5 2. d4 Nf6 3. e3 Bf5 4. Bd3 Bxd3 5. Qxd3 Nbd7 6. b3 e6 7. a3 Be7 8.
Bb2 O-O 9. Qd1 c5 10. dxc5 Nxc5 11. O-O Nce4 12. Nbd2 Rc8 13. Rc1 Nc3 14. Bxc3
Rxc3 15. Nb1 Rc7 16. Nfd2 Qd6 17. b4 b5 18. c3 Rfc8 19. Qb3 a6 20. h3 e5 21.
Qb2 Nd7 22. Nb3 Bf6 23. Qd2 Qe6 24. Rfd1 d4 25. Nc5 Nxc5 26. bxc5 Rxc5 27. exd4
exd4 28. cxd4 Rxc1 29. Rxc1 Rxc1+ 30. Qxc1 Bxd4 31. Qc2 g6 32. Qd2 Qe5 33. Kf1
Kg7 34. Qe2 Qxe2+ 35. Kxe2 Bc5 36. f3 f5 37. Kd3 Kf6 38. Kc3 Ke5 39. Kb3 Kf4
40. Nd2 Kg3 41. a4 bxa4+ 42. Kxa4 Kxg2 43. Nc4 Kxf3 44. Ne5+ Kg3 45. Nd7 Bd4
46. Nf8 f4 47. Nxh7 f3 48. Ng5 f2 49. Ne4+ Kg2 50. Nd2 Bc3 0-1

[Event "4NCL Online Division 6"]
[Site "online"]
[Date "2020.08.25"]
[Round "1.203"]
[White "Hardman, Daniel"]
[Black "Caleshu, Caleb"]
[Result "0-1"]
[WhiteElo "1675"]
[BlackElo "1480"]
[PlyCount "128"]
[EventDate "2020.08.25"]
[WhiteTeam "Ashfield Anonymous D"]
[BlackTeam "Plymouth 2"]

1. e4 c5 2. Nc3 Nc6 3. Bb5 e6 4. Bxc6 bxc6 5. f4 d5 6. d3 c4 7. dxc4 dxc4 8.
Qxd8+ Kxd8 9. Nf3 Nf6 10. Nd2 Bb4 11. e5 Nd5 12. Nce4 Nxf4 13. c3 Nd3+ 14. Ke2
Nxc1+ 15. Raxc1 Be7 16. Nxc4 Kc7 17. Ncd6 Ba6+ 18. c4 Rab8 19. b3 Rhf8 20. Rhf1
f6 21. Nc3 fxe5 22. Rxf8 Rxf8 23. Nde4 h6 24. Rf1 Rxf1 25. Kxf1 Bf6 26. Ke2 Kb6
27. Na4+ Ka5 28. Kd3 Bc8 29. Nec5 Kb4 30. Ne4 Ka3 31. Kc2 Kxa2 32. Nac5 Ka3 33.
Nd3 a5 34. h3 a4 35. bxa4 Kxa4 36. g4 Ka5 37. Nd6 Ba6 38. Kc3 Kb6 39. Ne4 Kc7
40. Nb4 Bc8 41. Nd3 Bd7 42. Ndc5 Kd8 43. Kd3 Ke7 44. Ke3 Be8 45. Kf3 Bg6 46.
Kg3 Bf7 47. h4 Bg6 48. g5 hxg5 49. hxg5 Bxe4 50. Nxe4 Bxg5 51. Nxg5 Kd6 52.
Ne4+ Kc7 53. Kg4 Kb6 54. c5+ Ka5 55. Kg5 Kb5 56. Kg6 Kc4 57. Kxg7 Kd4 58. Nf6
Kxc5 59. Nd7+ Kd6 60. Nb6 c5 61. Nc4+ Kd5 62. Nb6+ Kd4 63. Nd7 e4 64. Kf6 e3
0-1

[Event "4NCL Online Division 6"]
[Site "online"]
[Date "2020.08.25"]
[Round "1.204"]
[White "Tatam, Anthony"]
[Black "Fraser, Chris"]
[Result "1/2-1/2"]
[WhiteElo "1450"]
[BlackElo "1645"]
[PlyCount "52"]
[EventDate "2020.08.25"]
[WhiteTeam "Plymouth 2"]
[BlackTeam "Ashfield Anonymous D"]

1. d4 Nf6 2. e3 e6 3. Bd3 c5 4. c3 b6 5. Nf3 d5 6. O-O Bb7 7. Nbd2 Be7 8. Ne5
O-O 9. f4 Ne4 10. Nxe4 dxe4 11. Be2 f6 12. Ng4 f5 13. Ne5 Nd7 14. Nxd7 Qxd7 15.
Bd2 a6 16. a3 b5 17. b4 cxd4 18. cxd4 Bd5 19. h3 Rac8 20. Rc1 Bc4 21. Bxc4 Rxc4
22. Rxc4 bxc4 23. Qe2 Rc8 24. Rc1 Qc7 25. Bc3 Qc6 26. Qd1 Qb7 1/2-1/2

[Event "4NCL Online Division 6"]
[Site "online"]
[Date "2020.08.25"]
[Round "1.211"]
[White "Abhishek, Pradhan"]
[Black "Zhang, Zheming"]
[Result "1/2-1/2"]
[WhiteElo "1810"]
[BlackElo "2102"]
[PlyCount "52"]
[EventDate "2020.08.25"]
[WhiteTeam "Farnham B"]
[BlackTeam "Forest Hall Juniors"]

1. d4 e6 2. c4 f5 3. Nf3 Nf6 4. g3 Bb4+ 5. Bd2 Bxd2+ 6. Nbxd2 O-O 7. e3 d6 8.
Bg2 Qe8 9. Qb3 Nbd7 10. O-O Kh8 11. Nh4 c6 12. f4 d5 13. Nhf3 Ne4 14. Nxe4 dxe4
15. Ne5 Nxe5 16. dxe5 Qe7 17. Rfd1 c5 18. Rd6 b6 19. Rad1 Rb8 20. Qa4 Rb7 21.
R1d2 h6 22. Qd1 Kh7 23. Bf1 Rf7 24. Be2 Rd7 25. Bh5 g6 26. Be2 Qd8 1/2-1/2

[Event "4NCL Online Division 6"]
[Site "online"]
[Date "2020.08.25"]
[Round "1.212"]
[White "Fearnhead, Ben"]
[Black "Seyfried, Donald"]
[Result "1-0"]
[WhiteElo "1810"]
[BlackElo "1682"]
[PlyCount "51"]
[EventDate "2020.08.25"]
[WhiteTeam "Forest Hall Juniors"]
[BlackTeam "Farnham B"]

1. e4 c5 2. d4 cxd4 3. c3 dxc3 4. Nxc3 Nc6 5. Nf3 Nf6 6. Bc4 e6 7. Qe2 Bb4 8.
O-O Bxc3 9. bxc3 O-O 10. Ba3 Re8 11. Rad1 Qa5 12. Bd6 a6 13. e5 Nd5 14. Ng5 h6
15. Nxf7 Kxf7 16. Qh5+ g6 17. Qxh6 Nde7 18. Qh7+ Kf8 19. Rd3 Nxe5 20. Rh3 Nf7
21. Rf3 Qf5 22. Rxf5 gxf5 23. Bf4 Ng8 24. Be2 Re7 25. Bh5 Nf6 26. Bh6+ 1-0

[Event "4NCL Online Division 6"]
[Site "online"]
[Date "2020.08.25"]
[Round "1.213"]
[White "Wall, John (jnr)"]
[Black "Young, Jonathan G"]
[Result "1-0"]
[WhiteElo "1780"]
[BlackElo "1577"]
[PlyCount "77"]
[EventDate "2020.08.25"]
[WhiteTeam "Farnham B"]
[BlackTeam "Forest Hall Juniors"]

1. d4 g6 2. Bf4 Bg7 3. e3 d5 4. Bd3 Nf6 5. Nd2 Nbd7 6. Ngf3 c5 7. c3 O-O 8. h3
c4 9. Bc2 a6 10. a4 Re8 11. O-O Nf8 12. e4 e6 13. Re1 Bd7 14. Bg5 Qc7 15. e5
Ne4 16. Bxe4 dxe4 17. Nxe4 h6 18. Bh4 Nh7 19. Qe2 b5 20. axb5 axb5 21. Nd6 Reb8
22. Nd2 f5 23. exf6 Nxf6 24. N2e4 Nxe4 25. Nxe4 Rf8 26. Nc5 e5 27. Nxd7 Qxd7
28. dxe5 Qe6 29. Bg3 Kh7 30. Qe4 Rae8 31. Ra7 Re7 32. Rxe7 Qxe7 33. Qc6 Rf5 34.
Qxb5 Qc7 35. e6 Qe7 36. Qd7 Qxd7 37. exd7 Rd5 38. Re7 g5 39. Bc7 1-0

[Event "4NCL Online Division 6"]
[Site "online"]
[Date "2020.08.25"]
[Round "1.214"]
[White "Xu, Weiming"]
[Black "Warren, Archie"]
[Result "1-0"]
[WhiteElo "1660"]
[BlackElo "1337"]
[PlyCount "33"]
[EventDate "2020.08.25"]
[WhiteTeam "Forest Hall Juniors"]
[BlackTeam "Farnham B"]

1. e4 c5 2. Nf3 d6 3. Nc3 Nc6 4. Bc4 e6 5. d4 cxd4 6. Nxd4 Nf6 7. O-O Be7 8.
Be3 O-O 9. Nf3 a6 10. a4 Ng4 11. Bf4 e5 12. Bd2 Qb6 13. Nd5 Qc5 14. b3 Nf6 15.
Be3 Qa5 16. Bb6 Qxd5 17. exd5 1-0

[Event "4NCL Online Division 6"]
[Site "online"]
[Date "2020.08.25"]
[Round "1.221"]
[White "Hoong, Jonathan"]
[Black "Nakano, Kazumasa"]
[Result "1-0"]
[WhiteElo "1712"]
[BlackElo "1510"]
[PlyCount "45"]
[EventDate "2020.08.25"]
[WhiteTeam "Celtic Tigers Cubs"]
[BlackTeam "Barnet Knights D"]

1. e4 e5 2. Nf3 Nc6 3. Bc4 Bc5 4. c3 Nf6 5. d3 h6 6. O-O d6 7. h3 Be6 8. Bxe6
fxe6 9. b4 Bb6 10. a4 a6 11. Qb3 Qd7 12. Nbd2 O-O-O 13. Nc4 Ba7 14. b5 Nb8 15.
Ba3 g5 16. Rfb1 b6 17. bxa6 Nc6 18. a5 Rh7 19. axb6 Bxb6 20. Bxd6 Na7 21. Nfxe5
Qb5 22. Nxb6+ Qxb6 23. Qxe6+ 1-0

[Event "4NCL Online Division 6"]
[Site "online"]
[Date "2020.08.25"]
[Round "1.222"]
[White "Gaekwad, Ankit"]
[Black "Goldman, Edward"]
[Result "1/2-1/2"]
[WhiteElo "1450"]
[BlackElo "1750"]
[PlyCount "98"]
[EventDate "2020.08.25"]
[WhiteTeam "Barnet Knights D"]
[BlackTeam "Celtic Tigers Cubs"]

1. d4 Nf6 2. Bf4 d6 3. e3 g6 4. Nf3 Bg7 5. c4 O-O 6. Nc3 Nh5 7. Bg3 Bg4 8. Be2
Nd7 9. Qd2 c6 10. O-O Nxg3 11. fxg3 Qc7 12. Rac1 e5 13. b3 f5 14. Ng5 Bxe2 15.
Nxe2 Rae8 16. d5 c5 17. Ne6 Rxe6 18. dxe6 Nb6 19. Nc3 Qe7 20. Nd5 Qxe6 21. Nxb6
axb6 22. Qd5 Qxd5 23. cxd5 Ra8 24. a4 e4 25. Rf2 Kf7 26. Ra2 Kf6 27. Kf2 Ke5
28. Rd1 b5 29. Rdd2 bxa4 30. Rxa4 Rb8 31. Ke2 h5 32. Rc4 b5 33. Rcc2 Bf6 34.
Ra2 Rc8 35. Rdc2 Kxd5 36. Ra5 Rb8 37. Rd2+ Ke6 38. Ra6 Be7 39. Rc2 Ke5 40. Rca2
Rc8 41. Ra8 Rc7 42. R8a7 Bd8 43. Rxc7 Bxc7 44. Ra7 Bd8 45. Rd7 Bf6 46. Rb7 b4
47. Rb6 Ke6 48. Rb8 Be5 49. Rg8 Kf7 1/2-1/2

[Event "4NCL Online Division 6"]
[Site "online"]
[Date "2020.08.25"]
[Round "1.223"]
[White "Portheault, Benjamin"]
[Black "Gardner, Kai"]
[Result "0-1"]
[WhiteElo "1486"]
[BlackElo "1390"]
[PlyCount "84"]
[EventDate "2020.08.25"]
[WhiteTeam "Celtic Tigers Cubs"]
[BlackTeam "Barnet Knights D"]

1. b3 Nf6 2. Bb2 Nc6 3. e3 e6 4. Nf3 d5 5. c4 Bd6 6. d4 O-O 7. c5 Be7 8. a3 Ne4
9. Nc3 f5 10. Qc2 Bf6 11. Nxe4 fxe4 12. Ne5 Bxe5 13. dxe5 Bd7 14. h4 Qe7 15. b4
a6 16. Be2 Rae8 17. Bh5 g6 18. Be2 Qf7 19. f4 exf3 20. gxf3 Qe7 21. O-O-O b6
22. Bd4 b5 23. Rdg1 Qf7 24. h5 Qf5 25. Bd3 Nxd4 26. exd4 Qf4+ 27. Kb2 Qxd4+ 28.
Kb1 Rf7 29. hxg6 hxg6 30. Rxg6+ Kf8 31. Rh8+ Ke7 32. Rgg8 Rxg8 33. Rxg8 Rxf3
34. Qd2 Qxd3+ 35. Qxd3 Rxd3 36. Rg7+ Kd8 37. Rg8+ Be8 38. Kb2 Re3 39. Rg5 c6
40. Ka2 d4 41. Kb2 Re2+ 42. Kb3 d3 0-1

[Event "4NCL Online Division 6"]
[Site "online"]
[Date "2020.08.25"]
[Round "1.224"]
[White "Dharan, Arjun Aditya"]
[Black "Osseiran, Nadim"]
[Result "1-0"]
[WhiteElo "1367"]
[BlackElo "1135"]
[PlyCount "69"]
[EventDate "2020.08.25"]
[WhiteTeam "Barnet Knights D"]
[BlackTeam "Celtic Tigers Cubs"]

1. e4 c6 2. Nf3 d5 3. exd5 cxd5 4. Bb5+ Nd7 5. Nc3 Ngf6 6. h3 a6 7. Ba4 b5 8.
Bb3 Nc5 9. O-O Nxb3 10. axb3 h6 11. Nxb5 Bf5 12. Nc3 e6 13. Ne2 Bd6 14. Ned4
Bh7 15. Re1 O-O 16. c4 Qd7 17. cxd5 Nxd5 18. Qe2 Nb4 19. Ne5 Qa7 20. Nec6 Nxc6
21. Nxc6 Qb6 22. Na5 Bc7 23. d3 Qd6 24. g3 Qd5 25. b4 Bxd3 26. Qg4 Bf5 27. Qh4
Qf3 28. Ra3 Qd5 29. Be3 Be4 30. Bc5 Rfd8 31. Qxe4 Qd2 32. Nc4 Qg5 33. Na5 Bxg3
34. Rxg3 Rab8 35. Rxg5 1-0

[Event "4NCL Online Division 6"]
[Site "online"]
[Date "2020.08.25"]
[Round "1.231"]
[White "Chapman, Chas"]
[Black "Rudd, David R"]
[Result "1/2-1/2"]
[WhiteElo "1592"]
[BlackElo "1735"]
[PlyCount "58"]
[EventDate "2020.08.25"]
[WhiteTeam "War & Piece 2"]
[BlackTeam "Hertford 2"]

1. d4 Nf6 2. c4 e6 3. Nc3 Bb4 4. a3 Bxc3+ 5. bxc3 O-O 6. Nf3 c5 7. g3 cxd4 8.
cxd4 b6 9. Bg2 Bb7 10. O-O d5 11. Ne5 Qc7 12. cxd5 Bxd5 13. Bxd5 exd5 14. Bb2
Nbd7 15. Rc1 Qb7 16. Nxd7 Qxd7 17. e3 Rac8 18. Qe2 Rxc1 19. Rxc1 Rc8 20. Rc2 h6
21. f3 Qf5 22. Rxc8+ Qxc8 23. e4 dxe4 24. fxe4 Qe6 25. e5 Nd5 26. Qf3 a6 27. h3
b5 28. g4 Qc6 29. Qe4 Qe6 1/2-1/2

[Event "4NCL Online Division 6"]
[Site "online"]
[Date "2020.08.25"]
[Round "1.233"]
[White "O'Neill, Stephen G"]
[Black "Hutton, Allan"]
[Result "0-1"]
[WhiteElo "1457"]
[BlackElo "1562"]
[PlyCount "126"]
[EventDate "2020.08.25"]
[WhiteTeam "War & Piece 2"]
[BlackTeam "Hertford 2"]

1. d4 Nf6 2. Nf3 e6 3. Bf4 d5 4. Nbd2 Bd6 5. e3 Bxf4 6. exf4 O-O 7. Ne5 Nbd7 8.
Ndf3 Nxe5 9. Nxe5 Nd7 10. Bd3 Nxe5 11. fxe5 Bd7 12. h4 Rc8 13. h5 h6 14. g4 c5
15. c3 cxd4 16. cxd4 Qa5+ 17. Qd2 Qxd2+ 18. Kxd2 f6 19. Ke3 fxe5 20. dxe5 Rc5
21. f4 b5 22. Rag1 Be8 23. g5 Kh8 24. gxh6 gxh6 25. Rg2 Rg8 26. Bg6 Bxg6 27.
hxg6 Kg7 28. Kd4 Rc4+ 29. Ke3 Re4+ 30. Kf3 Rf8 31. Rg4 Rc4 32. Rh2 a5 33. Rgh4
Rh8 34. Kg4 Rcc8 35. f5 Rc4+ 36. Kg3 exf5 37. Rxc4 dxc4 38. Kf4 Kxg6 39. Rd2
Kf7 40. Kxf5 b4 41. Rd5 Rc8 42. e6+ Ke8 43. Kf6 c3 44. Rd1 c2 45. Rc1 Rc5 46.
Kg6 h5 47. Kf6 h4 48. e7 h3 49. Ke6 Rc6+ 50. Kd5 Rc7 51. Kd6 Rc4 52. Kd5 Rc8
53. Kd4 Kxe7 54. Kd3 h2 55. Kd2 a4 56. a3 b3 57. Re1+ Kf6 58. Kc1 Rc4 59. Rh1
Rh4 60. Rf1+ Kg5 61. Rh1 Kf4 62. Rf1+ Kg3 63. Rh1 Kg2 0-1

[Event "4NCL Online Division 6"]
[Site "online"]
[Date "2020.08.25"]
[Round "1.241"]
[White "Clarke, Paul R H"]
[Black "Kapur, Gul"]
[Result "1-0"]
[WhiteElo "1688"]
[BlackElo "1532"]
[PlyCount "145"]
[EventDate "2020.08.25"]
[WhiteTeam "Bradford DCA Knights C"]
[BlackTeam "Enfield 2"]

1. d4 d5 2. Bf4 Bf5 3. e3 Nf6 4. c4 e6 5. Nd2 c6 6. h3 Nbd7 7. Ngf3 c5 8. Be2
Qa5 9. O-O Rc8 10. cxd5 exd5 11. Nb3 Qb6 12. dxc5 Nxc5 13. Qd4 h6 14. Rac1 Be7
15. Qe5 Be6 16. Nfd4 O-O 17. Nxc5 Rxc5 18. Rxc5 Bxc5 19. Nxe6 Qxe6 20. Qc7 Qc6
21. Qa5 Bb6 22. Qd2 Rc8 23. Bd3 Ne4 24. Qe2 Qf6 25. Bb1 Rc6 26. Qd3 Qf5 27. f3
Qxf4 28. fxe4 Qxe3+ 29. Qxe3 Bxe3+ 30. Kh1 dxe4 31. Bxe4 Rc7 32. Rd1 g6 33. b3
b6 34. Re1 Rc1 35. Rxc1 Bxc1 36. Kg1 Kg7 37. Kf1 Kf6 38. Ke2 Ke5 39. Bc2 Kd4
40. a4 a5 41. Bd1 Kc3 42. Kf3 Kd2 43. Be2 Kc3 44. Bc4 f6 45. Bf7 g5 46. Kg4 Bf4
47. Kf5 Be5 48. Kg6 Kd4 49. Kxh6 Ke4 50. Kg6 Kf4 51. Bd5 Bd4 52. Kh5 Kg3 53.
Kg6 Be5 54. Kf5 Bc3 55. Bf3 Kf2 56. Ke4 Ke1 57. Kf5 Kd2 58. Kg4 Ke3 59. Bd5 Kd3
60. g3 Kd4 61. Bc4 Ke5 62. Bd3 Kd4 63. Bc2 Bd2 64. h4 gxh4 65. gxh4 Bh6 66. Kh5
Bd2 67. Kg6 Ke5 68. h5 Ke6 69. Bd3 Bg5 70. h6 Bxh6 71. Kxh6 f5 72. Kg5 Kd6 73.
Kxf5 1-0